000 00294nam a22001337a 4500
008 170609b xxu||||| |||| 00| 0 eng d
020 _a9780742509245
041 _aeng
080 _a32
100 _a19
101 _aSHP
245 _aTHE WORLD COURT IN ACTION
_cMEYER, H.N
942 _2udc
_cBK
999 _c16804
_d16804